Eğitim mühendisi : (Record no. 13685)

MARC details
000 -BAŞLIK
Sabit Uzunlukta Kontrol Alanı 00967nam a2200265 4500
999 ## - SİSTEM KONTROL NUMARALARI (KOHA)
Koha Biblionumber 13685
Koha Biblioitemnumber 13685
003 - KONTROL NUMARASI IDENTIFIER
Denetim Alanı MIRAKIL
005 - SON İŞLEM TARİHİ VE ZAMANI
Denetim Alanı 20200102113843.0
008 - SABİT-BOY VERİ ELEMANLARI - GENEL BİLGİLER
Sabit Uzunlukta Kontrol Alanı 200102b tu ||||| |||| 00| 0 tur d
020 ## - ULUSLARARASI STANDART KİTAP NUMARASI
Uluslararası Standart Kitap Numarası 9789944880329
040 ## - KATALOGLAMA KAYNAK
Orijinal Kataloglama Ajansı TR-AnCHP
Metne Dönüştürmek Ajansı TR-AnCHP
041 ## - DİL KODU
Metin / Ses Parça Veya Ayrı Başlığın Dil Kodu tur
082 ## - DEWEY ONLU SINIFLANDIRMA NUMARASI
Sınıflandırma Numarası 372.10561092
Ürün Numarası A44e 2009
100 ## - ANA GİRİŞ - KİŞİSEL İSİM
Kişisel Ad Akıngüç, Fahamettin
245 10 - BAŞLIK TABLOSU
Başlık Eğitim mühendisi :
Başlığın Kalan Fahamettin Akıngüç kitabı /
Sorumluluk Tablosu, Vb Fahamettin Akıngüç; söyleşi: Serhat Öztürk.
250 ## - EDITION TABLOSU
Baskı Beyanı 3 bs.
260 ## - YAYIN, DAĞITIM, VB
Yayın, Dağıtım, Vb Yeri İstanbul:
Yayıncı, Dağıtıcı, Vs Adı Türkiye İş Bankası Kültür Yayınları
Yayın, Dağıtım, Vb Tarihi 2009.
300 ## - FİZİKSEL TANIM
Kapsam 345 s.:
Diğer Fiziksel Ayrıntıları fotg.,
Boyutlar 19 sm.
490 0# - SERİSİ TABLOSU
Seri Beyanı Türkiye İş Bankası Kültür Yayınları ;
-- Nehir söyleşi ;
Hacim / Ardışık Tanımı Genel yayın: 1179.
-- 25.
504 ## - KAYNAKÇA VB NOT
Kaynakça Vb Notu Dizin vardır.
600 #0 - KONU KATMA GİRİŞ - KURUMSAL ADI
9 (RLIN) 6175
Kişisel Ad Akıngüç, Fahamettin
Bir Adıyla İlişkilendirilen Tarihler 1926-
Genel Alt Bölümü yaşamöyküsü
600 #0 - KONU KATMA GİRİŞ - KURUMSAL ADI
9 (RLIN) 6175
Kişisel Ad Akıngüç, Fahamettin
Bir Adıyla İlişkilendirilen Tarihler 1926-
650 #0 - KONU KATMA GİRİŞ - TOPİKAL DÖNEM
9 (RLIN) 5238
Topikal Süreli Veya Coğrafi Ad Giriş Elemanı Eğitimciler
Genel Alt Bölümü söyleşi
Coğrafi Alt Bölümü Türkiye
700 1# - KATMA GİRİŞ - KİŞİSEL İSİM
9 (RLIN) 2599
Kişisel Ad Öztürk, Serhat
942 ## - EKLENDİ GİRİŞ ELEMANLARI (KOHA)
Sınıflandırma Veya Raf Düzeni Kaynak Dewey Decimal Classification
Koha Öğesi Türü Books
Holdings
Kalıcı Konum Mevcut Konum Edinme Tarihi Toplam Check-Out'Lar Tam Çağrı Numarası Barkod Tarih Son Görülme İtibaren Geçerli Fiyatlar Sigara Kamu Notu Koha Öğesi Türü
CHP Kütüphanesi CHP Kütüphanesi 01/02/2020   372.10561092 A44e 2009 013465 01/02/2020 01/02/2020 Ertuğrul Çepni bağışıdır. Books